Statystyki dla Prefektury Japonii pod względem ludności

Kliknij tutaj aby rozwiązać quiz!

Ogólne statystyki

  • Ten quiz został rozwiązany 8 razy
  • Średni wynik to 2 z 12

Statystyki odpowiedzi

HintOdpowiedź% Poprawnych
9 555 919Tokio
38%
2 320 361Aichi
25%
1 579 450Fukuoka
25%
1 516 483Kanagawa
25%
2 725 006Osaka
25%
1 295 607Saitama
25%
1 966 416Hokkaido
13%
1 527 407Hyōgo
13%
1 468 980Kioto
13%
1 088 669Miyagi
13%
1 199 252Hiroszima
0%
3 740 172Kanagawa
0%

Rozkład punktacji

Percentyl według liczby udzielonych odpowiedzi

Procent ludzi z każdym wynikiem

Twoja historia wyników

Nie rozwiązałeś tego quizu